[Event "Vojvodina-chT 21st"]
[Site "Backa Palanka"]
[Date "2021.10.29"]
[Round "10.6"]
[White "Babic, Damir M"]
[Black "Ljepic, Andrej"]
[Result "0-1"]
[WhiteElo "2088"]
[BlackElo "2159"]
[PlyCount "136"]
[EventDate "2021.10.23"]
[EventType "team-tourn"]
[EventRounds "11"]
[EventCountry "SRB"]
[SourceTitle "CBM 204 Extra"]
[Source "ChessBase"]
[SourceDate "2021.11.30"]
[SourceVersion "1"]
[SourceVersionDate "2021.11.30"]
[SourceQuality "1"]
[WhiteTeam "Rastina Polet"]
[BlackTeam "Jazak Car Uros"]
[WhiteTeamCountry "SRB"]
[BlackTeamCountry "SRB"]

1. d4 Nf6 2. c4 e6 3. Nc3 Bb4 4. Qc2 d5 5. e3 0-0 6. Nf3 b6 7. a3 Bxc3+ 8. bxc3 Ba6 9. cxd5 Bxf1 10. Kxf1 Qxd5 11. c4 Qe4 12. Qc3 Nc6 13. Bb2 Na5 14. Ne5 Qf5 15. f3 Ne4 16. Qd3 Nd6 17. e4 Qg5 18. h4 Qd8 19. Rc1 f6 20. Ng4 c5 21. d5 e5 22. Ne3 Qd7 23. g4 a6 24. Rc2 Rab8 25. Rg1 b5 26. cxb5 Rxb5 27. Nf5 Rfb8 28. Bc1 c4 29. Qe2 Rb1 30. Kf2 R8b3 31. Rg2 Nxf5 32. gxf5 Qa7+ 33. Kg3 Rd3 34. Rxc4 Nxc4 35. Qxd3 Rxc1 36. Qb3 Nd6 37. Qb4 Qc7 38. Rb2 Kf7 39. a4 Ke7 40. a5 Rc5 41. Qb6 Qxb6 42. axb6 Rb5 43. Rc2 Rxb6 44. Rc7+ Kf8 45. Ra7 Rb7 46. Rxa6 Ke7 47. h5 h6 48. Kf2 Kd7 49. Kg3 Nc8 50. Ra2 Ra7 51. Rb2 Nd6 52. Rb6 Ra3 53. Kf2 Ra2+ 54. Kg3 Ra1 55. Kg2 Ra7 56. Kf2 Nf7 57. Kg3 Ng5 58. Rb3 Kd6 59. Rc3 Ra1 60. Kg2 Ra2+ 61. Kg3 Re2 62. Ra3 Kc5 63. Ra7 Re3 64. Rxg7 Rxf3+ 65. Kg2 Rf4 66. Rc7+ Kd6 67. Rc6+ Ke7 68. Rc7+ Kd8 0-1

[Event "Vojvodina-chT"]
[Site "Kovacica"]
[Date "2019.11.08"]
[Round "11.5"]
[White "Ilincic, Aleksa"]
[Black "Babic, Damir M"]
[Result "1-0"]
[WhiteElo "2168"]
[BlackElo "2103"]
[PlyCount "99"]
[EventDate "2019.11.01"]
[EventType "team-tourn"]
[EventRounds "11"]
[EventCountry "SRB"]
[SourceTitle "CBM 192 Extra"]
[Source "Chessbase"]
[SourceDate "2019.11.06"]
[SourceVersion "1"]
[SourceVersionDate "2019.11.06"]
[SourceQuality "1"]
[WhiteTeam "Novi Sad Vojvodina"]
[BlackTeam "Rastina Polet"]
[WhiteTeamCountry "SRB"]
[BlackTeamCountry "SRB"]

1. e4 e5 2. Nf3 Nf6 3. Nc3 Nc6 4. a3 d6 5. Bb5 Bd7 6. d4 Be7 7. h3 0-0 8. d5 Nb8 9. Be2 Ne8 10. g4 c6 11. Be3 Nc7 12. Bc4 Be8 13. dxc6 bxc6 14. Qe2 Ne6 15. 0-0-0 Qc8 16. h4 Nd7 17. h5 Rb8 18. Nh4 Ndc5 19. Nf5 Qc7 20. Qd2 Nxe4 21. Nxe4 d5 22. Ba2 dxe4 23. Bxe6 fxe6 24. Nxe7+ Qxe7 25. Qa5 Bf7 26. Qxe5 Rb5 27. Qd6 Qf6 28. Qd4 e5 29. Qd6 a5 30. Qxf6 gxf6 31. Rd6 Rfb8 32. b3 a4 33. b4 Bd5 34. Rxf6 Rf8 35. Rxf8+ Kxf8 36. g5 Rb7 37. Rh4 Rd7 38. h6 c5 39. Bxc5+ Kf7 40. Be3 Rc7 41. Kb2 Kg6 42. Rh1 Kf5 43. Rd1 Ke6 44. b5 Rc8 45. b6 Rb8 46. Kc3 Rc8+ 47. Kd2 Bb7 48. Rb1 Rc4 49. Rb4 Rxb4 50. axb4 1-0

[Event "Vojvodina-chT"]
[Site "Kovacica"]
[Date "2019.11.03"]
[Round "4.5"]
[White "Lorinc, Sandor"]
[Black "Babic, Damir M"]
[Result "1/2-1/2"]
[WhiteElo "2157"]
[BlackElo "2103"]
[PlyCount "106"]
[EventDate "2019.11.01"]
[EventType "team-tourn"]
[EventRounds "11"]
[EventCountry "SRB"]
[SourceTitle "CBM 192 Extra"]
[Source "Chessbase"]
[SourceDate "2019.11.06"]
[SourceVersion "1"]
[SourceVersionDate "2019.11.06"]
[SourceQuality "1"]
[WhiteTeam "Senta"]
[BlackTeam "Rastina Polet"]
[WhiteTeamCountry "SRB"]
[BlackTeamCountry "SRB"]

1. d4 d5 2. Bf4 Nf6 3. e3 e6 4. Nf3 Be7 5. h3 0-0 6. Bd3 c5 7. c3 Nc6 8. Nbd2 Nd7 9. 0-0 Re8 10. Qe2 Bf6 11. Rfd1 e5 12. dxe5 Ndxe5 13. Bc2 Qb6 14. Rab1 Ng6 15. Bg3 Be6 16. a3 a5 17. c4 d4 18. Ne4 dxe3 19. Nxf6+ gxf6 20. fxe3 Rad8 21. Rxd8 Qxd8 22. Rd1 Qb6 23. Ba4 Bc8 24. Rd6 Re6 25. Qd2 Kg7 26. Bb5 Rxd6 27. Qxd6 Qd8 28. Qxc5 Qd1+ 29. Kh2 Be6 30. Nd4 Nce7 31. Qd6 Qf1 32. Nxe6+ fxe6 33. Qxe6 Nf5 34. Qd7+ Nfe7 35. Bd6 Kf7 36. c5 Qc1 37. Qxb7 Qxe3 38. Bc4+ Kg7 39. Qc7 Kh6 40. Bf7 Ne5 41. Bxe5 fxe5 42. Qd6+ Kg7 43. Bd5 Qf4+ 44. g3 Qf2+ 45. Bg2 Nf5 46. Qxe5+ Kg8 47. c6 Ne3 48. Qe6+ Kg7 49. Qe7+ Kg8 50. Qg5+ Kf8 51. Qd8+ Kg7 52. Qg5+ Kh8 53. Qe5+ Kg8 1/2-1/2

[Event "Palic Karadzic Memorial op"]
[Site "Palic"]
[Date "2017.10.30"]
[Round "4"]
[White "Samani, Yamac"]
[Black "Babic, Damir M"]
[Result "1/2-1/2"]
[WhiteElo "2286"]
[BlackElo "2174"]
[PlyCount "44"]
[EventDate "2017.10.28"]
[EventType "swiss"]
[EventRounds "9"]
[EventCountry "SRB"]
[SourceTitle "CBM 181 Extra"]
[Source "ChessBase"]
[SourceDate "2017.12.12"]
[SourceVersion "1"]
[SourceVersionDate "2017.12.12"]
[SourceQuality "1"]

1. e4 e5 2. Nf3 Nc6 3. Bb5 a6 4. Ba4 Nf6 5. 0-0 b5 6. Bb3 Nxe4 7. d4 d5 8. dxe5 Be6 9. Qe2 Be7 10. Rd1 Nc5 11. Nbd2 0-0 12. c3 Nxb3 13. Nxb3 Qd7 14. Bg5 Bxg5 15. Nxg5 Qe7 16. f4 Nd8 17. Qh5 h6 18. Nf3 f5 19. Nfd4 c5 20. Nxe6 Nxe6 21. Qf3 Rfd8 22. Kh1 Rd7 1/2-1/2